000 00741 a2200217 4500
001 41440
005 20260407155708.0
008 260407a1983 arg spa d
003 AR-UNSa-BCEJYS
040 _aAR-UNSa-BCEJYS
_bspa
_cAR-UNSa-BCEJYS
080 _a347.736
_xQuiebra. Insolvencia. Suspensión de pagos. Bancarrota, procedimientos. Derecho Concursal
245 1 0 _aComentario teórico práctico a la Ley de concursos
020 _a950-074-010-9
264 1 _aBuenos Aires :
_bEDIAR
_c1983
300 _a2 v. (531 ; 518 p.)
_c23 cm.
505 _aVol. I: Concursos preventivos - Vol. II: Quiebra y sus efectos
041 _aspa
942 _cBK
590 _aniveau_biblio:m niveau_hierar:0
100 1 _aFlorit, Sebastián Miguel
999 _c3510
_d3510